[Event "Kharkov Caissa CC-ch"]
[Site "Kharkov"]
[Date "2001.04.28"]
[Round "11"]
[White "Grin, Dmitry"]
[Black "Ivanov, Andrey A"]
[Result "1/2-1/2"]
[WhiteElo "2301"]
[BlackElo "2297"]
[PlyCount "52"]
[EventDate "2001.04.18"]
[EventType "tourn"]
[EventRounds "11"]
[EventCountry "UKR"]
[SourceTitle "CBM 082 Extra"]
[Source "ChessBase"]
[SourceDate "2001.07.03"]
[SourceVersion "1"]
[SourceVersionDate "2001.07.03"]
[SourceQuality "1"]

1. d4 Nf6 2. Nc3 d6 3. e4 e5 4. Nge2 Nbd7 5. f3 Be7 6. Be3 c6 7. Qd2 Nb6 8. b3 exd4 9. Nxd4 d5 10. e5 Nfd7 11. e6 Nf6 12. exf7+ Kxf7 13. Nde2 Re8 14. 0-0-0 Ba3+ 15. Kb1 Qe7 16. Bg5 Nc4 17. Qf4 Ne5 18. Qh4 Ng6 19. Qf2 h6 20. Bd2 b5 21. Nd4 Bd7 22. Bd3 Ne5 23. Bf5 Bxf5 24. Nxf5 Qd7 25. g4 a5 26. Be3 a4 1/2-1/2

[Event "Kharkov Caissa CC-ch"]
[Site "Kharkov"]
[Date "2001.04.18"]
[Round "1"]
[White "Iljin, Stanislav"]
[Black "Grin, Dmitry"]
[Result "1/2-1/2"]
[WhiteElo "2384"]
[BlackElo "2301"]
[PlyCount "24"]
[EventDate "2001.04.18"]
[EventType "tourn"]
[EventRounds "11"]
[EventCountry "UKR"]
[SourceTitle "CBM 082 Extra"]
[Source "ChessBase"]
[SourceDate "2001.07.03"]
[SourceVersion "1"]
[SourceVersionDate "2001.07.03"]
[SourceQuality "1"]

1. d4 d5 2. c4 c6 3. Nc3 Nf6 4. Nf3 e6 5. Bg5 h6 6. Bxf6 Qxf6 7. e3 Bd6 8. Qc2 0-0 9. Bd3 Nd7 10. 0-0 Qe7 11. Rad1 dxc4 12. Bxc4 e5 1/2-1/2